| 000 | 00376cam a22001337a 4500 | ||
|---|---|---|---|
| 008 | 180718b2000 xxu||||| |||| 00| 0 eng d | ||
| 020 | _a8185301212 | ||
| 082 | _aA99 R141 | ||
| 100 | _aRamakrishna | ||
| 245 |
_aThe message of Ramakrishna _cby Ramakrishna |
||
| 260 |
_aCalcutta _bAdvaita Ashrama _c2000 |
||
| 300 | _a44p. | ||
| 650 | _aRamakrishna - Criticism and interpretation | ||
| 999 |
_c399511 _d399511 |
||